| 000 | 02771cam a22003978a 4500 | ||
|---|---|---|---|
| 001 | 7390150 | ||
| 003 | ARRUPE | ||
| 005 | 20150907145619.0 | ||
| 008 | 090323s2009 iluab b 001 0 eng | ||
| 015 |
_aGBA930086 _2bnb |
||
| 016 | 7 |
_a014937117 _2Uk |
|
| 020 | _a9780226317786 (pbk. : alk. paper) | ||
| 020 | _a0226317781 (pbk. : alk. paper) | ||
| 035 | _a(OCoLC)ocn317251486 | ||
| 035 | _a(OCoLC)317251486 | ||
| 040 |
_aUKM _cUKM _dUPP _dIAO |
||
| 049 | _aZCUA | ||
| 082 | 0 | 4 |
_a509 _222 |
| 090 |
_aQ125 _b.N338 2009 |
||
| 245 | 0 | 0 |
_aNational identity : _bthe role of science and technology / _cedited by Carol E. Harrison and Ann Johnson. |
| 246 | 3 | 0 | _aRole of science and technology |
| 260 |
_aChicago, IL : _bUniversity of Chicago Press ; _aBristol : _bUniversity Presses Marketing [distributor], _cc2009. |
||
| 263 | _a200905 | ||
| 300 |
_a308 p. : _bill., maps ; _c26 cm. |
||
| 490 | 1 |
_aOsiris, _x0369-7827 ; _vv. 24 |
|
| 504 | _aIncludes bibliographical references and index. | ||
| 505 | 0 | _aIntroduction : science and national identity / Carol E. Harrison and Ann Johnson -- The new Rome : infrastructure and national identity on the Canal du Midi / Chandra Mukerji -- Projections of the revolutionary nation : French expeditions in the Pacific, 1791-1803 / Carol E. Harrison -- Material experiments : environment and engineering institutions in the early American republic / Ann Johnson -- The children's republic of science in the antebellum literature of Samuel Griswold Goodrich and Jacob Abbott / Katherine Pandora -- Points critical : Russia, Ireland, and science at the boundary / Michael D. Gordin -- Germans in Russia : Cold War, technology transfer, and national identity / Asif A. Siddiqi -- Communicating the north : scientific practice and Canadian postwar identity / Edward Jones-Imhotep -- The coproduction of neutral science and neutral state in Cold War Europe : Switzerland and international scientific cooperation, 1851-69 / Bruno J. Strasser -- "Signs of the times" : medicine and nationhood in British India / Pratik Chakrabarti -- MIT-trained Swadeshis : MIT and Indian nationalism, 1880-1947 / Ross Bassett -- Taking to the field : geological fieldwork and national identity in republican China / Grace Yen Shen -- Justice, geography, and steel : technology and national identity in Indonesian industrialization / Suzanne Moon -- European experiments / Alfred Nordmann. | |
| 650 | 0 |
_aScience _xHistory. _918944 |
|
| 650 | 0 |
_aScience _xSocial aspects. _99989 |
|
| 650 | 0 |
_aNational characteristics. _918945 |
|
| 650 | 0 |
_aTechnology _xHistory. _99991 |
|
| 700 | 1 |
_aHarrison, Carol E. _918946 _4ed. |
|
| 700 | 1 |
_aJohnson, Ann. _918947 _4ed. |
|
| 830 | 0 |
_aOsiris (Bruges, Belgium) ; _v2nd ser. v. 24 _918948 |
|
| 942 |
_2lcc _cMONOGRAPH |
||
| 999 |
_c123143 _d123143 |
||